1381 1871 1239 1094 1746 1600 1553 1883 1029 1428 1064 1498 1211 1046 1308 1368 1905 1340 1013 1822 1959 1882 1933 1668 1744 1486 1836 1949 1960 1190 1085 1957 1798 1133 1732 1570 1378 1202 1216 1273 1966 1768 1742 1849 1712 1969 1597 1787 1222 1206 1877 1645 1227 1565 1716 1403 1596 1483 1888 1038 1370 1397 1933 1361 1105 1109 1343 1235 1601 1013 1637 1999 1588 1571 1813 1076 1616 1149 1658 1705 1079 1744 1569 1993 1780 1486 1423 1650 1966 1488 1830 1962 1037 1995 1623 1457 1514 1123 1180 BCNSPRNW ULIB Ver.6.0+V

เปลี่ยนเป็นภาษาไทย

Change to English
 แสดงรายละเอียดบรรณานุกรม
  กลับหน้าหลัก

Brief Record : Get Marc (ISO 2709) : E-mail record : QR code < ปิดหน้าต่าง
LEADER : 00000nam 2200000uu 4500
001    13399121859
003     ULIB
008    121212s2551||||th 000 0 tha d
020    ^a9789749773253(ล.36)
060 04 ^aWO5^bจ225ศ ล.36
245 00 ^aศัลยศาสตร์วิวัฒน์ 36 :^bUpdate in colon and rectal surgery2008 /^cคณะบรรณาธิการ, จักรพันธ์ เอื้อนรเศรษฐ์ ... [และคนอื่นๆ]
246 30 ^aUpdate in colon and rectal surgery 2008
250    ^aพิมพ์ครั้งที่ 1
260    ^aกรุงเทพฯ :^bกรุงเทพเวชสาร,^c2551
300    ^a564 หน้า :^bภาพประกอบ ;^c22 ซม.
650  7 ^aศัลยศาสตร์
653    ^aผลงานอาจารย์คณะแพทยศาสตร์ศิริราชพยาบาล
700 0  ^aจักรพันธ์ เอื้อนรเศรษฐ์,^eบรรณาธิการ
945    ^p580^l0^i16134
995    ^aทศพร
999    ^aทศพร เกษรทอง
รายการนี้ยังไม่มีแท็ก
คุณยังไม่ได้ล็อกอิน คุณสามารถมีกิจกรรมร่วมกับเว็บไซต์ได้ แต่ต้องล็อกอินก่อน ::
  ล็อกอิน

รายการสื่อสารสนเทศ

ลำดับที่ ประเภท เลขเรียก/บาร์โค้ด สถานที่ สถานะ
1. วิทยาศาสตร์การแพทย์ และสุขภาพ
วิทยาศาสตร์การแพทย์ และสุขภาพ
WO5 จ225ศ ล.36 ฉ.1 
  Barcode: 16134
ห้องสมุดวิทยาเขตสวรรค์ประชารักษ์
►ส่วนจัดเก็บหนังสือเก่า สปร
บนชั้น
  ขอยืม

รายการใกล้เคียง
    หัวเรื่อง [ศัลยศาสตร์]

BibComment


ยังไม่เคยถูกคอมเมนท์

คอมเมนท์ทรัพยากรรายการนี้
  คอมเมนท์: ศัลยศาสตร์วิวัฒน..


 Copyright 2026. Bcnsprnw @Library